000 00240nam a22000977a 4500
008 170120b xxu||||| |||| 00| 0 eng d
041 _aeng
080 _a618.2
245 _aLEGAL FOUDATIONS OF NURSNG PRACTICE
_cMURCHISON, I.A
942 _2udc
_cBK
999 _c3216
_d3216